The future of India : (Record no. 2627)

MARC details
000 -LEADER
fixed length control field 00653cam a2200205 4500
001 - CONTROL NUMBER
control field 3250
005 - DATE AND TIME OF LATEST TRANSACTION
control field 20181127170847.0
008 - FIXED-LENGTH DATA ELEMENTS--GENERAL INFORMATION
fixed length control field 050804s2005 ii b 001 0 eng
010 ## - LIBRARY OF CONGRESS CONTROL NUMBER
LC control number 2005323866
020 ## - INTERNATIONAL STANDARD BOOK NUMBER
International Standard Book Number 9780143062127
043 ## - GEOGRAPHIC AREA CODE
Geographic area code a-ii---
100 1# - MAIN ENTRY--PERSONAL NAME
Personal name Jalan, Bimal.
245 14 - TITLE STATEMENT
Title The future of India :
Remainder of title politics, economics, and governance /
Statement of responsibility, etc. Bimal Jalan.
260 ## - PUBLICATION, DISTRIBUTION, ETC.
Place of publication, distribution, etc. New Delhi ;
Name of publisher, distributor, etc. Penguin Books,
Date of publication, distribution, etc. 2007.
300 ## - PHYSICAL DESCRIPTION
Extent xiii, 212 p. ;
Dimensions 22 cm.
504 ## - BIBLIOGRAPHY, ETC. NOTE
Bibliography, etc. note Includes bibliographical references and index.
650 #0 - SUBJECT ADDED ENTRY--TOPICAL TERM
Topical term or geographic name entry element Political corruption
Geographic subdivision India.
651 #0 - SUBJECT ADDED ENTRY--GEOGRAPHIC NAME
Geographic name India
General subdivision Economic policy
Chronological subdivision 1991-
Geographic name India
General subdivision Politics and government
Chronological subdivision 1977-
Holdings
Withdrawn status Lost status Source of classification or shelving scheme Damaged status Not for loan Collection code Home library Current library Shelving location Serial Enumeration / chronology Inventory number Total Checkouts Full call number Barcode Date last seen Price effective from Koha item type
    Dewey Decimal Classification     Main TEST RTC Library RTC Library Main opac 5656   954 JAL 30001321 27/11/2018 27/11/2018 Main
Royal Thimphu College || All Right Reserved